Production design : visual design for film and television

Պահպանված է:
Մատենագիտական մանրամասներ
Հիմնական հեղինակ: McCLELLAN, Peg
Ձևաչափ: Գիրք
Լեզու:անգլերեն
Հրապարակվել է: Routledge 2020
Ցուցիչներ: Ավելացրեք ցուցիչ
Չկան պիտակներ, Եղեք առաջինը, ով նշում է այս գրառումը!

MARC

LEADER 00000nam a22000007a 4500
008 240826b |||||||| |||| 00| 0 eng d
020 |a 9781138185425 
100 |a McCLELLAN, Peg 
245 |a Production design  |b : visual design for film and television  |c Peg McClellan  |g xi, 256p;ill 
260 |b Routledge  |c 2020  |h London  |i 700228  |i 700229  |l PN1995.9.A74M13  |m Motion picture- Art direction  |m Television-Art direction 
500 |a it includes references  
942 |a lcc  |c BK  |e Johnson 
952 |0 0  |1 0  |2 lcc  |4 0  |6 PN19959 A74 M13  |7 0  |9 5515  |a ART  |b HOL  |c LP  |d 2024-08-26  |l 0  |o PN1995.9.A74M13  |p 2024-0755  |r 2024-08-26 00:00:00  |t 700228  |w 2024-08-26  |y BK 
952 |0 0  |1 0  |2 lcc  |4 0  |6 PN19959 A74 M13  |7 0  |9 5516  |a HOL  |b HOL  |c LP  |d 2024-08-26  |l 0  |o PN1995.9.A74M13  |p 2024-0756  |r 2024-08-26 00:00:00  |t 700229  |w 2024-08-26  |y BK 
999 |c 2724  |d 2724